[Event "FSGM March"]
[Site "Budapest HUN"]
[Date "2007.03.03"]
[Round "1"]
[White "Ilincic,Z"]
[Black "Varga,Cs2"]
[Result "1-0"]
[WhiteElo "2451"]
[BlackElo "2342"]

1.d4 d5 2.c4 dxc4 3.e4 c5 4.d5 Nf6 5.Nc3 b5 6.Bf4 Qa5 7.e5 Ne4 8.Ne2 Na6
9.f3 Nb4 10.fxe4 Nd3+ 11.Kd2 g6 12.Ke3 Bg7 13.Qd2 O-O 14.Nd1 Qc7 15.g3 g5
16.Bxg5 f6 17.exf6 Qe5 18.Bf4 Qxf6 19.Nf2 Ne5 20.Bh3 Bxh3 21.Nxh3 Qh6 22.Neg1 c3
23.Qe2 cxb2 24.Rb1 Qa6 25.Kf2 c4 26.Nf3 Nxf3 27.Kxf3 c3 28.Ng5 Qg6 29.Ne6 Rf6
30.Nxg7 Kxg7 31.Qxb5 Qh5+ 32.Ke3 c2 33.Rxb2 Qd1 34.Qc5 Qxh1 35.Qxe7+ Kg6
36.Rxc2 Qe1+ 37.Re2 Qg1+ 38.Kf3 Rc8 39.Qe5 Qf1+ 40.Rf2 Qh3 41.Ke3 Qg4 42.Rb2 h6
43.h4 Qd1 44.h5+ Qxh5 45.Qxh5+ Kxh5 46.Rh2+ Kg6 47.e5 Rf7 48.Rxh6+ Kg7 49.Ra6 Rb7
50.Ke4 Rc4+ 51.Kf5 Rf7+ 52.Ke6 Kf8 53.d6 Ke8 54.Kd5 Rb4 55.Rc6  1-0

[Event "ch-SRB"]
[Site "Vrsac SRB"]
[Date "2007.03.08"]
[Round "5"]
[White "Miladinovic,I"]
[Black "Stojanovic,Mih"]
[Result "0-1"]
[WhiteElo "2607"]
[BlackElo "2576"]

1.d4 d5 2.c4 dxc4 3.e4 Nf6 4.Nc3 e5 5.Nf3 exd4 6.Qxd4 Qxd4 7.Nxd4 Bc5 8.Ndb5 Na6
9.Bf4 c6 10.Nd6+ Bxd6 11.Bxd6 Be6 12.e5 Nd7 13.f4 Nac5 14.Be2 b5 15.O-O Nb7
16.Rad1 O-O-O 17.a4 Nb6 18.axb5 Nxd6 19.exd6 Bd5 20.bxc6 Bxc6 21.Rd4 f5 22.Rfd1 Kd7
23.Ra1 Ra8 24.Ra5 Rhf8 25.g4 Rf6 26.Rxf5 Rxf5 27.gxf5 Rf8 28.Bg4 Rf6 29.Kf2 Bh1
30.Ne2 Bd5 31.Ng3 Kc6 32.Nh5 Rf7 33.f6 g6 34.Ng7 Kxd6 35.Be6 Rxf6 36.Bxd5 Kc5
37.Re4 Nxd5 38.Kg3 Kb4 39.Ne6 a5 40.Nd4 Kc5 41.Ne6+ Kb4 42.Nd4 a4 43.Re5 Rd6
44.Kf3 c3 45.bxc3+ Nxc3 46.Ke3 a3 47.Nc2+ Kb3 48.Nxa3 Kxa3 49.f5 Kb4 50.fxg6 Rxg6
51.Rh5 Rg7 52.Kf4 Kc4 53.Ke5 Nd5 54.h4 Kc5 55.Rh6 Re7+ 56.Kf5 Kd4 57.Ra6 Re5+
58.Kg4 h5+ 59.Kf3 Re3+ 60.Kf2 Rc3 61.Rh6 Nf4 62.Rh8 Ke4 63.Re8+ Kf5 64.Rg8 Rb3
65.Rg7 Ra3 66.Rg8 Rc3 67.Rg7 Ng6 68.Rh7 Kg4 69.Rg7 Rc6 70.Kg2 Ra6 71.Kh2 Kxh4
72.Kh1 Kg3 73.Kg1  0-1

[Event "TCh-BEL 2006-7"]
[Site "Belgium BEL"]
[Date "2007.03.11"]
[Round "10"]
[White "Van der Stricht,G"]
[Black "Maenhout,T"]
[Result "0-1"]
[WhiteElo "2423"]
[BlackElo "2320"]

1.d4 d5 2.c4 dxc4 3.e4 e5 4.Nf3 exd4 5.Bxc4 Bb4+ 6.Nbd2 Nc6 7.O-O Nf6 8.e5 Nd5
9.Nb3 Nb6 10.Bb5 Bd7 11.Bxc6 Bxc6 12.Nfxd4 Bd5 13.Nf5 g6 14.Qg4 gxf5 15.Qxb4 Rg8
16.f3 Bc4 17.Re1 Qh4 18.Qd2 Nd5 19.Qf2 Qxf2+ 20.Kxf2 Nb4 21.Rd1 Nd3+ 22.Kg1 O-O-O
23.h4 f4 24.Kh2 Rg6 25.Na5 Rdg8 26.Rd2 Bd5 27.Re2 Bxf3 28.gxf3 Ne1 29.Bxf4 Nxf3+
30.Kh3 Rg1 31.Rf2 Rxa1 32.Rxf3 Rxa2 33.Nc4 b5 34.Ra3 Rxa3+ 35.Nxa3 a6 36.Bg5 Kd7
37.Nc2 Ke6 38.Bf6 c5 39.Kh2 Rg4 40.h5 h6 41.Kh3 Re4 42.Bg7 Re2 43.Na1 Rxb2
44.Bxh6 Kf5 45.Bg7 Ra2 46.e6 fxe6 47.h6 Kg6 48.Kg4 c4  0-1

[Event "TCh-FIN 2006-7"]
[Site "Helsinki FIN"]
[Date "2007.03.11"]
[Round "9"]
[White "Salo,H"]
[Black "Nevanlinna,R"]
[Result "0-1"]
[WhiteElo "2227"]
[BlackElo "2318"]

1.d4 d5 2.c4 dxc4 3.e4 Nf6 4.Nc3 e5 5.Nf3 exd4 6.Qxd4 Qxd4 7.Nxd4 Bb4 8.f3 O-O
9.Bxc4 Nbd7 10.Bf4 c6 11.O-O-O Re8 12.Nf5 Nb6 13.Ne3 Nxc4 14.Nxc4 Be6 15.Nd6 Re7
16.Bg5 Rd7 17.Nf5 Bxf5 18.exf5 Nd5 19.Ne4 f6 20.Bd2 Bf8 21.g4 Rad8 22.h4 Kf7
23.Rdg1 Nb4 24.Bxb4 Bxb4 25.Rd1 Rxd1+ 26.Rxd1 Rxd1+ 27.Kxd1 Ke7 28.Ke2 h6
29.a3 Bd6 30.a4 b5 31.b3 a6 32.Kd3 Kd7 33.Kd4 Kc7 34.a5 Bh2 35.b4 Bg1+ 36.Kc3 c5
37.bxc5 Kc6 38.g5 hxg5 39.hxg5 fxg5 40.Nxg5 Bxc5 41.Ne6 Bd6 42.Kd3 Be5 43.Ke4 Bf6
44.Kd3 Ba1 45.f4 Bf6 46.Kc2 b4 47.Kb3 Kb5 48.Nc7+ Kxa5 49.Nd5 Bc3 50.Ne3 Kb5
51.Nc4 a5 52.Nd6+ Kc5 53.Nb7+ Kd5 54.Nxa5 Ke4 55.Nc6 Kxf5 56.Nd8 g6 57.Nf7 Kxf4
58.Nd8 g5 59.Ne6+ Kf5 60.Nc5 g4 61.Nd3 g3  0-1

[Event "FSGM March"]
[Site "Budapest HUN"]
[Date "2007.03.12"]
[Round "10"]
[White "Toth,E"]
[Black "Varga,Cs2"]
[Result "1-0"]
[WhiteElo "2283"]
[BlackElo "2342"]

1.d4 d5 2.c4 dxc4 3.e4 Nf6 4.e5 Nd5 5.Bxc4 Nb6 6.Bb3 Nc6 7.Be3 Bf5 8.Nc3 e6
9.Nge2 Be7 10.O-O Nb4 11.Nf4 Qd7 12.Qf3 O-O-O 13.a3 Nc6 14.g4 Na5 15.Ba2 Bc2
16.d5 Nxd5 17.Ncxd5 exd5 18.Nxd5 Nc6 19.Rac1 Bd3 20.Rfd1 Nxe5 21.Qg3 Bd6
22.f4 Qe8 23.fxe5 Bxe5 24.Qf2 Be4 25.Bxa7 Bxd5 26.Bxd5 Qa4 27.Qf5+ Rd7 28.Bf2 Bxb2
29.Rb1 Rd8 30.Bxb7+ Kxb7 31.Rxb2+ Ka8 32.Rxd7 Rxd7 33.Rd2  1-0

[Event "Bundesliga 2006-7"]
[Site "Muelheim GER"]
[Date "2007.03.18"]
[Round "13"]
[White "Teske,H"]
[Black "Scholz,C"]
[Result "1-0"]
[WhiteElo "2524"]
[BlackElo "2382"]

1.d4 d5 2.c4 dxc4 3.e4 Nf6 4.e5 Nd5 5.Bxc4 Nc6 6.Ne2 Nb6 7.b3 Nxc4 8.bxc4 Bf5
9.O-O e6 10.Bf4 Qd7 11.d5 Nb4 12.Nbc3 Bc5 13.Qd2 O-O 14.Ng3 Bg6 15.Rad1 Rfe8
16.h4 exd5 17.cxd5 Qg4 18.Nce4 b6 19.Nxc5 bxc5 20.h5 Bxh5 21.f3 Qh4 22.d6 cxd6
23.exd6 Bg6 24.d7 Red8 25.Ne4 Qe7 26.Rfe1 Nc6 27.Bg5 Qf8 28.Bxd8 Rxd8 29.Qd6 Bxe4
30.Rxe4 Nd4 31.Rde1 Ne6 32.Rxe6 fxe6 33.Qxe6+ Kh8 34.Qe8  1-0

[Event "66th ch-GEO"]
[Site "Tbilisi GEO"]
[Date "2007.03.25"]
[Round "11"]
[White "Giorgadze,G1"]
[Black "Gelazonia,P"]
[Result "1-0"]
[WhiteElo "2610"]
[BlackElo "2268"]

1.d4 d5 2.c4 dxc4 3.e4 e5 4.Nf3 exd4 5.Bxc4 Nc6 6.O-O Be6 7.Bb5 Bc5 8.Qc2 Qd6
9.Bf4 Qxf4 10.Qxc5 Ne7 11.Nxd4 O-O 12.Bxc6 Nxc6 13.Nxc6 bxc6 14.Nc3 Rad8
15.Qxa7 Rd2 16.b3 Rd3 17.Qc5 Bh3 18.f3 Qd2 19.gxh3 Rxc3 20.Rf2 Qd3 21.Qe5 Qe3
22.Rf1 Rd8 23.Qxc7 Qd4 24.Kh1 g6 25.Qf4 Kg7 26.Kg2 Rd6 27.Re2 c5 28.h4 Rd3
29.Qg3 Qc3 30.e5 Rd2 31.Rff2 Rxe2 32.Rxe2 Rd1 33.e6 fxe6 34.Qc7+ Kh6 35.Qf4+ Kg7
36.Qc7+ Kh6 37.Qf4+ Kg7 38.h5 gxh5 39.Qc7+ Kg8 40.Qc8+ Kg7 41.Qc7+ Kg8 42.Qc8+ Kg7
43.Qxe6 Qf6 44.Qxf6+ Kxf6 45.Rc2 Rd5 46.h4 Ke5 47.Kg3 Kd6 48.Re2 Rd1 49.Kf4 h6
50.Kf5 Rh1 51.Re4 Rh3 52.Rf4 Rh2 53.Ra4 Kd5 54.Kg6 Rh3 55.Kxh6 Rxf3 56.Kxh5 Rd3
57.Kg5  1-0

[Event "8th ch-Euro"]
[Site "Dresden GER"]
[Date "2007.04.05"]
[Round "3"]
[White "Berg,K"]
[Black "Logothetis,S"]
[Result "1/2-1/2"]
[WhiteElo "2406"]
[BlackElo "2221"]

1.d4 d5 2.c4 dxc4 3.e4 e5 4.Nf3 exd4 5.Bxc4 Nc6 6.O-O Be6 7.Bxe6 fxe6 8.Qb3 Qd7
9.Qxb7 Rb8 10.Qa6 Nf6 11.Nbd2 Bd6 12.Qd3 O-O 13.h3 e5 14.Nc4 h6 15.Bd2 Qe6
16.Rac1 Ne7 17.Nfxe5 Bxe5 18.f4 Nc6 19.fxe5 Nxe5 20.Qxd4 Nxc4 21.Qxc4 Qxc4
22.Rxc4 Rxb2 23.Bc3 Rxa2 24.Rxc7 Ne8 25.Rxf8+ Kxf8 26.Bb4+ Kg8 27.Re7 Nf6
28.Bd6 a5 29.Be5 a4 30.Bxf6 gxf6 31.Ra7 a3 32.Kh2 Re2 33.Kg3 Rxe4 34.Rxa3 Kg7
35.Kf3 Re5 36.Ra4 h5 37.Kf4 Kg6 38.Ra8 Kg7 39.Ra3 Kg6 40.Ra8 Kg7 41.Rd8 Kf7
42.Rd4 Kg6 43.Rd8  1/2-1/2

[Event "8th ch-Euro"]
[Site "Dresden GER"]
[Date "2007.04.05"]
[Round "3"]
[White "Yakovich,Yur"]
[Black "Kunin,V"]
[Result "0-1"]
[WhiteElo "2577"]
[BlackElo "2507"]

1.d4 d5 2.c4 dxc4 3.e4 e5 4.Nf3 exd4 5.Bxc4 Nc6 6.O-O Be6 7.Bxe6 fxe6 8.Qb3 Qd7
9.Qxb7 Rb8 10.Qa6 Nf6 11.Nbd2 Bd6 12.a3 O-O 13.b4 Bf4 14.Bb2 Ng4 15.Nc4 Rf6
16.h3 e5 17.b5 Ne7 18.Qxa7 Rbf8 19.Qc5 Rg6 20.Kh1 Rh6 21.Ng1 Qe6 22.a4 Nh2
23.Ba3 Re8 24.Rfd1 Ng4 25.Ra2 Qg6 26.Re2 Qxe4 27.f3 Nf5 28.g3 Rxh3+  0-1

[Event "8th ch-Euro"]
[Site "Dresden GER"]
[Date "2007.04.06"]
[Round "4"]
[White "Kregelin,J"]
[Black "Kleinert,J"]
[Result "1-0"]
[WhiteElo "2181"]
[BlackElo "2060"]

1.d4 d5 2.c4 dxc4 3.e4 b5 4.a4 Bb7 5.axb5 Bxe4 6.Nc3 Bb7 7.Nf3 e6 8.Bxc4 Nd7
9.O-O Nb6 10.Bb3 h6 11.Ne5 Bd6 12.Qg4 Kf8 13.Nxf7  1-0

[Event "FSIMA April"]
[Site "Budapest HUN"]
[Date "2007.04.08"]
[Round "2"]
[White "Balazs,G2"]
[Black "Rombaldoni,Ax"]
[Result "1-0"]
[WhiteElo "2249"]
[BlackElo "2221"]

1.d4 d5 2.c4 dxc4 3.e4 Nf6 4.e5 Nd5 5.Bxc4 Nb6 6.Bd3 Nc6 7.Ne2 Be6 8.Nbc3 Qd7
9.Ne4 O-O-O 10.Nc5 Qe8 11.Nxe6 fxe6 12.Be3 Nd5 13.Qb3 g6 14.O-O Qd7 15.Rac1 Ncb4
16.Be4 c6 17.Bd2 Na6 18.Qa3 Kb8 19.b4 Bg7 20.Qb3 Rhf8 21.a4 Nac7 22.Rb1 a6
23.Rfc1 Rf7 24.Rc5 Rdf8 25.f3 Rc8 26.Bd3 b6 27.Rc2 Nf4 28.Bxf4 Rxf4 29.Be4 Rff8
30.Bxc6 Qd8 31.Be4 Bh6 32.Rbb2 Qd7 33.b5 a5 34.Rc6 Ka7 35.Rbc2 Na8 36.Qc3 Rxc6
37.bxc6 Qc7 38.Qc4 Be3+ 39.Kf1 Rd8 40.Nc3  1-0

[Event "8th ch-Euro"]
[Site "Dresden GER"]
[Date "2007.04.12"]
[Round "9"]
[White "Landa,K"]
[Black "Mista,A"]
[Result "1-0"]
[WhiteElo "2608"]
[BlackElo "2532"]

1.d4 d5 2.c4 dxc4 3.e4 Nf6 4.e5 Nd5 5.Bxc4 Nb6 6.Bd3 Nc6 7.Be3 Nb4 8.Be4 f5
9.exf6 exf6 10.Nc3 f5 11.Bb1 Be7 12.Nf3 O-O 13.O-O Kh8 14.Bf4 Be6 15.Re1 Bg8
16.a3 N4d5 17.Nxd5 Nxd5 18.Be5 Qd7 19.Bd3 Bd6 20.Qd2 Ne7 21.Qg5 Nc6 22.Rad1 Rae8
23.h4 Bb3 24.Rd2 Bd5 25.Bxd6 Rxe1+ 26.Nxe1 cxd6 27.Nc2 Qf7 28.Qf4 Qf6 29.Ne3 Ne7
30.Qg5 Bc6 31.Re2 h6 32.Qxf6 Rxf6 33.f4 Re6 34.Kf2 g6 35.g3 Nd5 36.Nc4 Rf6
37.Na5 Kg7 38.Bc4 Nb6 39.Re7+ Kf8 40.Rc7 d5 41.Ba6 bxa6 42.Nxc6 Rf7 43.Rxf7+ Kxf7
44.b3 Ke6 45.a4 Nc8 46.Nb4 a5 47.Nc6 Kd6 48.Nxa5 Kc7 49.Ke3 Nd6 50.b4 Kb6
51.Nb3 Nc4+ 52.Ke2 a5 53.bxa5+ Nxa5 54.Nc5 Nc6 55.Nb3 Na5 56.Nc5 Nc6 57.Kd3 Ka5
58.Kc3 Nd8 59.Nd7 Ne6 60.Ne5 g5 61.fxg5 hxg5 62.h5 Kxa4 63.h6 Nf8 64.Nd7 Nh7
65.Nb6+ Kb5 66.Nxd5 Kc6 67.Ne7+ Kd6 68.Nxf5+ Ke6 69.g4 Nf6 70.Kc4 Kf7 71.d5 Kg6
72.Ne3 Kxh6 73.Kc5 Kg6 74.Kc6 Kf7 75.Kd6 Ne4+ 76.Ke5 Nd2 77.Kf5 Nf3 78.Nc4 Ke7
79.d6+ Kd8 80.Ne5 Nd2 81.Ke6  1-0

[Event "8th ch-Euro"]
[Site "Dresden GER"]
[Date "2007.04.14"]
[Round "11"]
[White "Kostopoulos,E"]
[Black "Kleinert,J"]
[Result "0-1"]
[WhiteElo "2120"]
[BlackElo "2060"]

1.d4 d5 2.c4 dxc4 3.e4 b5 4.a4 c6 5.axb5 cxb5 6.Nc3 Bb7 7.Nxb5 Bxe4 8.Qa4 Bc6
9.Bxc4 a6 10.Qb3 e6 11.Nf3 axb5 12.Rxa8 Bxa8 13.Bxb5+ Bc6 14.Ne5 Qa5+  0-1

[Event "9th Open"]
[Site "Dubai UAE"]
[Date "2007.04.22"]
[Round "1"]
[White "Molina,Ant"]
[Black "Kotanjian,T"]
[Result "0-1"]
[WhiteElo "2196"]
[BlackElo "2560"]

1.d4 d5 2.c4 dxc4 3.e4 Nf6 4.e5 Nd5 5.Bxc4 Nb6 6.Bd3 Nc6 7.Be3 Nb4 8.Be4 f5
9.exf6 exf6 10.a3 f5 11.axb4 fxe4 12.Qh5+ g6 13.Qe5+ Kf7 14.Bg5 Bxb4+ 15.Nc3 Qe8
16.Qxc7+ Qd7 17.Qf4+ Qf5 18.Qc1 Be6 19.Ne2 Bc4 20.Bd2 Rhe8 21.O-O Bxc3 22.Nxc3 Bxf1
23.Qxf1 a6 24.b4 Nd5 25.Qc4 Rad8 26.Ra5 b5 27.Qa2 Re6 28.Rxa6 Rxa6 29.Qxa6 Nxc3
30.Bxc3 Qc8 31.Qa7+ Rd7 32.Qa2+ Qc4 33.Qxc4+ bxc4 34.Kf1 Ke6 35.Ke2 Ra7 36.g4 Kd5
37.h4 Ra2+ 38.Ke3 Rc2  0-1

[Event "FMA Masters"]
[Site "Madrid ESP"]
[Date "2007.04.23"]
[Round "5"]
[White "Campora,D"]
[Black "Borges Mateos,J"]
[Result "1-0"]
[WhiteElo "2532"]
[BlackElo "2482"]

1.d4 d5 2.c4 dxc4 3.e4 Nf6 4.e5 Nd5 5.Bxc4 Nc6 6.Nc3 Nb6 7.Bb5 Bd7 8.Nf3 e6
9.O-O Ne7 10.Bd3 Bc6 11.Re1 Qd7 12.Be3 O-O-O 13.Rc1 Kb8 14.a3 Nbd5 15.Ne4 Nf5
16.b4 b6 17.Qe2 Nfxe3 18.fxe3 f5 19.Nc3 Be7 20.Nxd5 Bxd5 21.Rc3 g5 22.Rec1 c6
23.Bc4 Rc8 24.Ne1 g4 25.Nd3 Bg5 26.Ba6 Rcd8 27.b5 cxb5 28.Nb2 Bb7 29.Bxb5 Qg7
30.Nd3 Rc8 31.Bc6 Bxc6 32.Rxc6 Qh6 33.Rxc8+ Rxc8 34.Rxc8+ Kxc8 35.Qc2+ Kd8
36.Qc6 Bxe3+ 37.Kf1 f4 38.Qd6+ Kc8 39.d5 Qxh2 40.Qxe6+ Kb7 41.Qxg4 Qg1+ 42.Ke2 Qb1
43.Qd7+ Ka6 44.Qc8+ Ka5 45.Qc3+ Ka6 46.Nb4+ Ka5 47.e6 Qg1 48.Nd3+ Ka6 49.Qc4+ Kb7
50.Qc6+ Ka6 51.d6 Bd4 52.Qe4  1-0

[Event "9th Open"]
[Site "Dubai UAE"]
[Date "2007.04.27"]
[Round "6"]
[White "Kotanjian,T"]
[Black "Alavi,S"]
[Result "1-0"]
[WhiteElo "2560"]
[BlackElo "2485"]

1.d4 d5 2.c4 dxc4 3.e4 Nf6 4.e5 Nd5 5.Bxc4 Nb6 6.Bb3 Bf5 7.Nf3 e6 8.Nc3 Nc6
9.O-O Qd7 10.Qe2 Be7 11.Rd1 Nb4 12.a3 N4d5 13.Ne4 O-O 14.Nc5 Qc8 15.Bg5 Bxg5
16.Nxg5 h6 17.Nge4 Ne7 18.Rac1 Nbd5 19.Nc3 Rd8 20.h3 b6 21.Nxd5 exd5 22.Na6 c6
23.Bc2 Be6 24.g4 h5 25.f3 Qd7 26.Kg2 Rac8 27.b4 Ng6 28.Bxg6 fxg6 29.a4 Rf8
30.b5 cxb5 31.Rxc8 Rxc8 32.axb5 Rc4 33.Rb1 Rxd4 34.Nb8 Qf7 35.Nc6 Rc4 36.Qe3 a5
37.Kg3 Rc2 38.Nd4 Rc4 39.f4 Qe7 40.Rf1 Qb4 41.Rd1 Qe7 42.f5 gxf5 43.gxf5 Bf7
44.Qf4 a4 45.Kh2 Qb4 46.e6 Be8 47.f6 Qf8 48.Rg1 g6 49.Rf1 Kh7 50.f7 Bxb5
51.e7  1-0

[Event "President's Cup Rapid"]
[Site "Ankara TUR"]
[Date "2007.04.28"]
[Round "1"]
[White "Citak,S"]
[Black "Solakoglu,O"]
[Result "1-0"]
[WhiteElo "2358"]
[BlackElo "2113"]

1.d4 d5 2.c4 dxc4 3.e4 e5 4.Nf3 exd4 5.Bxc4 Nc6 6.O-O Bc5 7.Ng5 Ne5 8.Bxf7+ Nxf7
9.Nxf7 Kxf7 10.Qh5+ g6 11.Qxc5 Be6 12.Qe5 Nf6 13.Bg5 h6 14.Bxf6 Qxf6 15.Qxc7+ Qe7
16.Qg3 Rhd8 17.Nd2 Rac8 18.Rac1 Bxa2 19.b3 Kg7 20.Ra1 Rc2 21.Qd3 Rc3 22.Qb5 Rc2
23.Nf3 a6 24.Qa4 b5 25.Qxa6 Bxb3 26.Qxb5 Bf7 27.e5 d3 28.Rfd1 d2 29.Qe2 Bc4
30.Qe3 Rd3 31.Qb6 Be6 32.Ra7 Rd7 33.Rxd7 Qxd7 34.Qe3 Rc1 35.Rxc1 dxc1=Q+
36.Qxc1 Bg4 37.Qd2 Qc7 38.Qf4 Bxf3 39.gxf3 Qe7 40.Kg2 g5 41.Qf5 h5 42.h3 h4
43.Qe4 Qe6 44.Qe3 Kh6 45.f4 Qd5+ 46.Qf3 Qe6 47.fxg5+ Kxg5 48.Qg4+ Qxg4+ 49.hxg4 Kxg4
50.e6  1-0

[Event "I Open Casino"]
[Site "Lugano SUI"]
[Date "2007.05.01"]
[Round "6"]
[White "Cazzaniga,W"]
[Black "Kogan,Ar"]
[Result "0-1"]
[WhiteElo "2174"]
[BlackElo "2566"]

1.d4 d5 2.c4 dxc4 3.e4 Nc6 4.Be3 Nf6 5.Nc3 e5 6.d5 Na5 7.Bxc4 Nxc4 8.Qa4+ c6
9.Qxc4 b5 10.Qxc6+ Bd7 11.Qa6 b4 12.Nb5 Qb8 13.Nxa7 Nxe4 14.Nc6 Rxa6 15.Nxb8 Ra5
16.Nxd7 Kxd7 17.Nf3 Bd6 18.O-O Rha8 19.a3 bxa3 20.bxa3 Rxd5 21.Rab1 Rxa3
22.Rb7+ Ke6 23.g4 h6 24.Re1 Ra4 25.h3 Rda5 26.Kg2 Rb4 27.Rxb4 Bxb4 28.Re2 Nc3
29.Rb2 Nd5 30.Re2 Bc3 31.Nh4 Nxe3+ 32.Rxe3 Bd4 33.Re2 g6 34.Nf3 Bc3 35.Rc2 Ra3
36.Ng1 e4 37.Ne2 Be5 38.Rd2 f5 39.gxf5+ gxf5 40.Nd4+ Bxd4 41.Rxd4 Ra2 42.Kf1 h5
43.Rd8 f4 44.Rh8 Ra5 45.Rh6+ Kf7 46.h4 f3 47.Kg1 Ra1+ 48.Kh2 e3  0-1

[Event "2nd President's Cup"]
[Site "Baku AZE"]
[Date "2007.05.09"]
[Round "7"]
[White "Gasanov,E"]
[Black "Agayev,N"]
[Result "1/2-1/2"]
[WhiteElo "2486"]
[BlackElo "2306"]

1.d4 d5 2.c4 dxc4 3.e4 e5 4.Nf3 exd4 5.Bxc4 Bb4+ 6.Nbd2 Nc6 7.O-O Nf6 8.a3 Bxd2
9.Qxd2 O-O 10.e5 Nd5 11.Qd3 Nde7 12.e6 Bxe6 13.Bxe6 fxe6 14.Ng5 Rf5 15.g4 Rxg5
16.Bxg5 Qd5 17.f4 Rf8 18.Rae1 Ng6 19.b4 a6 20.Qe4 Qxe4 21.Rxe4 h6 22.Rxe6 hxg5
23.Rxg6 gxf4 24.Re6 d3 25.Rd1 Rd8 26.h4 Nd4 27.Re7 Nb5 28.Rd2 Rd4 29.Kf2 Nxa3
30.Rxc7 Nc4 31.Rxd3  1/2-1/2

[Event "TCh-RUS HL"]
[Site "Sochi RUS"]
[Date "2007.05.11"]
[Round "9"]
[White "Konovalov,N"]
[Black "Raetsky,A"]
[Result "1/2-1/2"]
[WhiteElo "2445"]
[BlackElo "2420"]

1.d4 d5 2.c4 dxc4 3.e4 Nf6 4.e5 Nd5 5.Bxc4 Nb6 6.Bb3 Nc6 7.Be3 Bf5 8.Ne2 e6
9.O-O Qd7 10.a3 Be7 11.Nbc3 Na5 12.Ba2 Nac4 13.Qc1 O-O 14.Ng3 Bg6 15.Nce2 Nxe3
16.fxe3 Rfc8 17.Rd1 a5 18.e4 c6 19.Qf4 Qd8 20.Qg4 Bg5 21.Kh1 Rc7 22.Ng1 Bh4
23.Nf3 Bxg3 24.hxg3 Rd7 25.Rac1 Qe7 26.Rd2 Rad8 27.Kg1 Na4 28.Bb3 Nb6 29.Kf2 Na8
30.Ke3 Nc7 31.Qh4 Qf8 32.Ba4 Na6 33.Bb3 Nc7 34.Ba4 Na6 35.Bb3 Qe8 36.Bc4 Nc7
37.Be2 h6 38.Rc5 Ra8 39.g4 Na6 40.Bxa6 Rxa6 41.g5 Qd8 42.g4 Rb6 43.Rh2 Rb3+
44.Rc3 Qb6 45.gxh6 Rxb2 46.Rh3 Qd8 47.g5 Qf8 48.Qf4 a4 49.hxg7 Qxg7 50.Qf6 Rb3
51.Rxb3 axb3 52.Rh2 b5 53.Qxg7+ Kxg7 54.Rb2 Bh5 55.Rxb3 Bxf3 56.Kxf3 Rxd4
57.Rc3 Ra4 58.Kf4 Ra6 59.Ke3 Kg6 60.Kf4 Kg7 61.Ke3 Kg6 62.Kf4 Ra4 63.Rxc6 Rxa3
64.Rb6 Rb3 65.Rb8 b4 66.Rb7 Kg7 67.Rb5 Kh7 68.Rb8 Kg7 69.Rb5 Kg6 70.Rb7 Rb1
71.Ke3 b3 72.Kd2 b2 73.Kc3 Rc1+ 74.Kxb2 Rc5 75.Rb4 Kxg5 76.Rb7 Kf4 77.Rxf7+ Kxe5
78.Rf1 Kxe4 79.Re1+ Kf5 80.Rf1+ Kg6 81.Rg1+ Kf6 82.Rf1+ Ke5 83.Re1+ Kd6 84.Rd1+ Kc6
85.Rd3 Rc4 86.Kb3 Rc1 87.Kb2 Rc5 88.Kb3 Rd5 89.Re3 Kd6 90.Kc2 Rd4 91.Re2 Kd5
92.Re3 e5 93.Rd3  1/2-1/2

[Event "FSGM May"]
[Site "Budapest HUN"]
[Date "2007.05.15"]
[Round "13"]
[White "Ilincic,Z"]
[Black "Koons,N"]
[Result "1-0"]
[WhiteElo "2488"]
[BlackElo "2289"]

1.d4 d5 2.c4 dxc4 3.e4 Nc6 4.Be3 Nf6 5.f3 e5 6.d5 Nd4 7.Bxd4 exd4 8.Qxd4 c6
9.Bxc4 cxd5 10.Bb5+ Bd7 11.Bxd7+ Qxd7 12.e5 Qe6 13.Nc3 Rc8 14.Qxa7 Qxe5+
15.Nge2 Bc5 16.Qa4+ Kf8 17.O-O-O Be3+ 18.Kb1 g6 19.g4 Kg7 20.f4 Qe6 21.f5 Qe5
22.Rhf1 Rc4 23.Qb3 Rhc8 24.fxg6 hxg6 25.Rxf6 Kxf6 26.Qxb7 d4 27.Rf1+ Kg5
28.h4+ Kxh4 29.Qh1+  1-0

[Event "Mitropa Cup Men"]
[Site "Szeged HUN"]
[Date "2007.05.15"]
[Round "8"]
[White "Feller,S"]
[Black "Varga,Zo"]
[Result "0-1"]
[WhiteElo "2445"]
[BlackElo "2499"]

1.d4 d5 2.c4 dxc4 3.e4 e5 4.Nf3 exd4 5.Bxc4 Bb4+ 6.Nbd2 Nc6 7.a3 Bxd2+ 8.Qxd2 Bg4
9.Qf4 Be6 10.Bxe6 fxe6 11.b4 Nf6 12.b5 Na5 13.Qe5 Qd6 14.Qxd6 cxd6 15.Nxd4 e5
16.Nf5 Nxe4 17.Nxg7+ Kd7 18.f3 Nc3 19.Bd2 Nb3 20.Bxc3 Nxa1 21.Bxa1 Rhg8 22.Nf5 Rxg2
23.Ne3 Ra2 24.O-O Rg8+ 25.Kh1 Rc8 26.f4 exf4 27.Ng4 Rc4 28.Re1 Kc7 29.Nf6 Kb6
30.Rd1 Kxb5 31.Ne8 Rcc2  0-1

[Event "ch-USA"]
[Site "Stillwater USA"]
[Date "2007.05.19"]
[Round "5"]
[White "Perelshteyn,E"]
[Black "Krush,I"]
[Result "1/2-1/2"]
[WhiteElo "2531"]
[BlackElo "2464"]

1.d4 d5 2.c4 dxc4 3.e4 e5 4.Nf3 exd4 5.Bxc4 Nc6 6.O-O Be6 7.Bb5 Bc5 8.Qc2 Bb6
9.a4 a5 10.Bxc6+ bxc6 11.Qxc6+ Bd7 12.Qc2 Ne7 13.Na3 O-O 14.Nc4 c5 15.Nfe5 Be6
16.Nd3 Ba7 17.Bd2 Nc6 18.Rac1 Rc8 19.b3 Nb4 20.Bxb4 cxb4 21.Nf4 Bd7 22.Qd3 Bc6
23.Rfe1 Re8 24.e5 Bb8 25.Qg3 g6 26.h4 Bb7 27.Nd3 Bd5 28.Qg5 Bxc4 29.Qxd8 Rexd8
30.bxc4 Rc6 31.c5 h5 32.g3 Ba7 33.Rc4 Rd5 34.Rec1 Bb8 35.f4 f6 36.exf6 Kf7
37.Re1 Kxf6 38.Re8 Bc7 39.Rc1 Rd8 40.Rxd8 Bxd8 41.Kf2 Ke6 42.Ne5 Rc7 43.Ke2 Kd5
44.c6 Bf6 45.Nd7 Bd8 46.Ne5 Bf6 47.Nd7 Bd8 48.Ne5  1/2-1/2

[Event "16th TCh-CRO"]
[Site "Sibenik CRO"]
[Date "2007.05.20"]
[Round "4"]
[White "Jankovic,A"]
[Black "Sermek,D"]
[Result "1/2-1/2"]
[WhiteElo "2541"]
[BlackElo "2523"]

1.d4 d5 2.c4 dxc4 3.e4 c5 4.d5 Nf6 5.Nc3 b5 6.Bf4 Qa5 7.Bd2 Nbd7 8.f4 b4
9.e5 bxc3 10.Bxc3 Qc7 11.exf6 Nxf6 12.Bxc4 Qxf4 13.Bb5+ Bd7 14.Bxd7+ Nxd7
15.Ne2 Qh4+ 16.Ng3 Qc4 17.Qf3 Nb6 18.Rd1 f6 19.Ne4 O-O-O 20.b3 Qb5 21.a4 Qxb3
22.Qh3+ e6 23.Qxe6+ Kb8 24.a5 Nxd5 25.O-O Qb7 26.Rf5 Be7 27.Rfxd5 Rxd5 28.Qxd5 Qxd5
29.Rxd5 Kc7 30.Kf2 Kc6 31.Rd1 Rb8 32.Nd2 Bd6 33.h3 Bc7 34.Ke2 Re8+ 35.Kd3 f5
36.Nc4 Rd8+ 37.Kc2 Rxd1 38.Kxd1 Kb5 39.Ne3 g6 40.Nd5 Bxa5 41.Kc2 Kc6 42.Nf6 Bxc3
43.Kxc3 h6 44.Ng8 Kd6 45.Nxh6 Ke6  1/2-1/2

[Event "1st WCh-Team Women"]
[Site "Ekaterinburg RUS"]
[Date "2007.05.27"]
[Round "7"]
[White "Rajlich,I"]
[Black "Ushenina,A"]
[Result "0-1"]
[WhiteElo "2408"]
[BlackElo "2475"]

1.d4 d5 2.c4 dxc4 3.e4 Nc6 4.d5 Ne5 5.Nf3 Bg4 6.Qd4 Ng6 7.Bxc4 a6 8.Be3 e6
9.dxe6 Bxe6 10.Bxe6 fxe6 11.Qc4 Qd6 12.O-O b5 13.Qc2 Rd8 14.a4 c5 15.axb5 axb5
16.Nc3 Qc6 17.Qe2 Rb8 18.Ra5 Nf6 19.Rfa1 Be7 20.Ra6 Qd7 21.Ra7 Qc8 22.Nxb5 O-O
23.Bg5 Qc6 24.Nc3 h6 25.Nh4 Nxh4 26.Bxh4 Bd8 27.e5 Nd5 28.Qg4 Nc7 29.Rd1 Rb4
30.Rxc7 Bxc7 31.Qg3 Rd4 32.Re1 Qd7 33.f3 Ba5 34.Qf2 c4 35.Be7 Bxc3 36.bxc3 Rd2
37.Qh4 Ra8 38.Kh1 Raa2 39.Bc5 Rxg2 40.Bg1 Qd3 41.Qf4 Rgc2 42.Qg4 Kh7 43.h4 Qg6
44.Qh3 Rxc3 45.h5 Qf7 46.Be3 Raa3 47.f4 Qb7+ 48.Kh2 Qe4 49.Bc1  0-1

[Event "Okie A"]
[Site "Tulsa USA"]
[Date "2007.05.28"]
[Round "6"]
[White "Mc Entee,T"]
[Black "Orton,W"]
[Result "1/2-1/2"]
[WhiteElo "2174"]
[BlackElo "2136"]

1.d4 d5 2.c4 dxc4 3.e4 e5 4.Nf3 Nf6 5.Bxc4 Nxe4 6.O-O Nd6 7.Bb3 e4 8.Ne5 Be7
9.Nc3 O-O 10.Be3 Nd7 11.Rc1 c6 12.Qc2 Nf6 13.d5 cxd5 14.Nxd5 Nxd5 15.Bxd5 Qa5
16.Rfd1 Be6 17.b4 Qxb4 18.Bxe6 fxe6 19.Bc5 Qa5 20.Rxd6 Rfc8 21.Nc6 bxc6 22.Rxe6 Bxc5
23.Qc4 Kf8 24.Qxc5+ Qxc5 25.Rxc5 Rab8 26.Kf1 Rb1+ 27.Ke2 Rb2+ 28.Ke3 Rxa2
29.Rf5+ Kg8 30.Rxe4 Rf8 31.Rxf8+ Kxf8 32.Rc4 Ra6 33.Kd4 Ke7 34.Kc5 Kd7 35.Rf4 Ra5+
36.Kb4 Re5 37.Rf8 Kd6 38.Rd8+ Ke7 39.Rd2 Rd5 40.Ra2 Rb5+ 41.Kc4 a5 42.Rd2 a4
43.Ra2 Ra5 44.Kb4 Ra7 45.Ra3 Kd6 46.Kc4 Ra5 47.f4 Rf5 48.g3 Rh5 49.g4 Rc5+
50.Kd4 Rd5+ 51.Kc4 Rd2 52.Rxa4 Rxh2 53.Ra7 g6 54.g5 Rh4 55.Rf7 Rh1  1/2-1/2

[Event "XV Lasker Mem Open A"]
[Site "Barlinek POL"]
[Date "2007.06.06"]
[Round "5"]
[White "Czaja,R"]
[Black "Tokarski,B"]
[Result "1-0"]
[WhiteElo "2146"]
[BlackElo "2076"]

1.d4 d5 2.c4 dxc4 3.e4 Nf6 4.e5 Nd5 5.Bxc4 Nb6 6.Bd3 Nc6 7.Be3 Nd5 8.Nc3 g6
9.Nge2 Bg4 10.O-O Nxe3 11.fxe3 Bh6 12.Qd2 O-O 13.Nf4 Nxd4 14.exd4 Qxd4+ 15.Qf2 Rad8
16.Qxd4 Rxd4 17.Be4 b5 18.Rae1 c6 19.g3 b4 20.Na4 g5 21.Ng2 Be6 22.b3 Bd5
23.Bxd5 cxd5 24.e6 f5 25.Rd1 Bg7 26.Ne3 Kh8 27.Nc5 Rxd1 28.Rxd1 d4 29.Nd5 Rc8
30.Nd7  1-0

[Event "National Open"]
[Site "Las Vegas USA"]
[Date "2007.06.08"]
[Round "1"]
[White "Gagunashvili,M"]
[Black "Small,G"]
[Result "1-0"]
[WhiteElo "2625"]
[BlackElo "2256"]

1.d4 d5 2.c4 dxc4 3.e4 c5 4.d5 e6 5.Bxc4 exd5 6.Bxd5 Qb6 7.Nf3 Nf6 8.Nc3 Be7
9.O-O O-O 10.Bg5 Be6 11.Bxe6 Qxe6 12.e5 Ne8 13.Bxe7 Qxe7 14.Nd5 Qd8 15.Qb3 Nc7
16.Qxb7 Nxd5 17.Rad1 Qb6 18.Qxd5 Nc6 19.e6 Rad8 20.exf7+ Rxf7 21.Qc4 Qb4
22.Rxd8+ Nxd8 23.Qd5  1-0

[Event "XV Lasker Mem Open A"]
[Site "Barlinek POL"]
[Date "2007.06.09"]
[Round "9"]
[White "Czaja,R"]
[Black "Ogonowska,K"]
[Result "1-0"]
[WhiteElo "2146"]
[BlackElo "1887"]

1.d4 d5 2.c4 dxc4 3.e4 e6 4.Bxc4 Nf6 5.e5 Nd5 6.Nc3 Nb6 7.Bb3 Bb4 8.Nf3 c5
9.a3 cxd4 10.axb4 dxc3 11.Qe2 cxb2 12.Bxb2 O-O 13.O-O Bd7 14.Rfd1 Qe8 15.Ng5 h6
16.Ne4 Bb5 17.Qg4 Kh8 18.Nd6 Qd7 19.Qf4 Be2 20.Rd2 Bh5 21.Nf5 Qb5 22.Ra5 g5
23.Qe4 Qc6 24.Qd4 Qc7 25.Nxh6 Nc6 26.Qe3 Nxa5 27.bxa5 Nc4 28.Qxg5 Bg6 29.Qf6+ Kh7
30.Qh4 Kg7 31.Bxc4 Qxa5 32.Qf6+ Kh7 33.Rd4 Qe1+ 34.Bf1 Be4 35.Ng4 Bg6 36.Ne3 Kg8
37.Rh4 Bh7 38.Ng4  1-0